00293pam a2200121 a 4500020000500000041000500005082001300010100002500023245006600048250001000114260003000124300001700154 c h a659bBAT aBatra / Myers Aaker. aAdvertising ManagentbAdvertising ManagenthTextual Documents a2003. aA:bperson Eduction Asia. a754:bpaper.